000 01102nam a2200229Ia 4500
999 _c50251
_d50251
001 17189
003 GE_BSU
005 20210407154018.0
008 181216s1982||||ge |||||||||||||| ||geo||
040 _cGE_BSU
041 _ageo
080 _a821.161.1- 4 პ-93
100 _aპრუდნიკოვი, მ.
_911152
245 _a''მოუხელთებელთა" მზვერავები :
_b [მოთხრობა] /
_cმ. პრუდნიკოვი ; მთარგმნ. ტიტე ხინთიბიძე ; [რედ. გ. მოისწრაფიშვილი].
264 _aბათუმი :
_bსაბჭოთა აჭარა,
_c1982.
300 _a239 გვ. ;
_b22 სმ.
653 _aდოკ. მოთხრობები
653 _a''მოუხელთებელთა" მზვერავები
700 _aხინთიბიძე, ტიტე
_eმთარგმნელი
_911153
700 _aმოისწრაფიშვილი, გ.
_eრედაქტორი
_94489
942 _cBK
_2udc